00210nam a2200085Ia 4500001000800000005001700008008004100025245002700066260003100093122935320250827093059.0250824s9999 xx 000 0 und d 0aUÇUŞ 2cANGIE SAGE bALTIN KİTAPLAR YAYINLARI